<?xml version="1.0" encoding="utf-8"?>
<?xml-stylesheet type='text/xsl' href='./oai2.xsl'?>
<OAI-PMH xmlns="http://www.openarchives.org/OAI/2.0/" xmlns:xsi="http://www.w3.org/2001/XMLSchema-instance" xsi:schemaLocation="http://www.openarchives.org/OAI/2.0/ http://www.openarchives.org/OAI/2.0/OAI-PMH.xsd">
  <responseDate>2026-06-06T09:31:24Z</responseDate>
  <request verb="GetRecord" metadataPrefix="marcxml" identifier="record_kuniweb_160261">https://kulturerbe.niedersachsen.de/oai</request>
  <GetRecord>
    <record>
      <header>
        <identifier>record_kuniweb_160261</identifier>
        <datestamp>2025-08-28T09:38:22Z</datestamp>
        <setSpec>slg0138</setSpec>
      </header>
      <metadata>
        <marc:record xmlns:marc="http://www.loc.gov/MARC21/slim" xsi:schemaLocation="http://www.loc.gov/MARC21/slim http://www.loc.gov/standards/marcxml/schema/MARC21slim.xsd">
          <marc:leader>12345nkm  22     uu 4500</marc:leader>
          <marc:controlfield tag="001">160261</marc:controlfield>
          <marc:controlfield tag="003">http://kuniweb.gbv.de</marc:controlfield>
          <marc:controlfield tag="005">2020-04-11T14:22:14</marc:controlfield>
          <marc:controlfield tag="008">|           ||||||||||||||||||||||</marc:controlfield>
          <marc:datafield tag="245" ind1="1" ind2="0">
            <marc:subfield code="a">Sackaufzug mit Korb für Friktionsantrieb - für die Lederwerke der Gebrüder Büchting in Wernigerode, 1908</marc:subfield>
          </marc:datafield>
          <marc:datafield tag="710" ind1="2" ind2=" ">
            <marc:subfield code="a">Lederwerke Gebr. Büchting, Wernigerode</marc:subfield>
            <marc:subfield code="e">AuftraggeberIn</marc:subfield>
          </marc:datafield>
          <marc:datafield tag="655" ind1=" " ind2="7">
            <marc:subfield code="a">Grafik</marc:subfield>
          </marc:datafield>
          <marc:datafield tag="046" ind1=" " ind2=" ">
            <marc:subfield code="k">1908-05-22</marc:subfield>
            <marc:subfield code="k">22.05.1908</marc:subfield>
          </marc:datafield>
          <marc:datafield tag="260" ind1=" " ind2=" ">
            <marc:subfield code="g">1908-05-22</marc:subfield>
            <marc:subfield code="g">22.05.1908</marc:subfield>
          </marc:datafield>
          <marc:datafield tag="520" ind1=" " ind2=" ">
            <marc:subfield code="a">Zeichnung - schwarz-weiß
Herstellungsort – Königshütte, Bad Lauterberg

Auftraggeber und Standort:
Lederfabrik Gebrüder Büchting, Wernigerode

Anmerkung zum Auftraggeber:
'Lederwerke Gebrüder Büchting' war eine eingetragene Schutzmarke. . Die Lederfabrik der Gebrüder Büchting ist 1788 gegründet worden, Otto Büchting, geboren 1868, war 1902-1933 auch  Stadtverordneter von Wernigerode. -  Hergestellt wurde Vacheleder (Anm.: von frz. vache  = Kuh, ein pflanzlich gegerbtes Sohlleder für Straßenschuhe,  auch für Brandsohlen, Kappen und Rahmen), Sohlleder, Fahlleder (Anm: schwach gefettetes großflächiges lohgares Leder, das aus dünnen Häuten von Rindern gefertigt wird. Das Leder ist weich und hat eine Stärke von 1 – 2 Millimetern. Als Rohmaterial dienen eher großflächige Bullenhäute und seltener flache Kuhhäute) und Geschirrleder. Geworben wurde mit reiner, langsamer GrubengerbungIm Adressbuch der Stadt Wernigerode von 1928/29 waren die Lederwerke noch verzeichnet: Gebr. Büchting, Lederwerke, An der Holtemme 4a
siehe:
WERNIGERODE a. Harz, Briefbogen um 1920, Lederwerke Gebr ...
de.flippity.com › ... › Papier-Dokumente › Rechnungen-Quittungen

 




 (Förderkreis Königshütte Bad Lauterberg e.V.)

Maßstab: 1 zu 10</marc:subfield>
          </marc:datafield>
          <marc:datafield tag="650" ind1="1" ind2=" ">
            <marc:subfield code="a">Aufzug &lt;Fördermittel&gt;</marc:subfield>
          </marc:datafield>
          <marc:datafield tag="650" ind1="1" ind2=" ">
            <marc:subfield code="a">Grafik, Fotografie &gt; Zeichnung</marc:subfield>
          </marc:datafield>
          <marc:datafield tag="650" ind1="1" ind2=" ">
            <marc:subfield code="a">Handwerk</marc:subfield>
          </marc:datafield>
          <marc:datafield tag="650" ind1="1" ind2=" ">
            <marc:subfield code="a">Wernigerode (Harz, Sachsen-Anhalt)</marc:subfield>
          </marc:datafield>
          <marc:datafield tag="773" ind1="0" ind2=" ">
            <marc:subfield code="t">Antriebe und Transportanlagen</marc:subfield>
          </marc:datafield>
          <marc:datafield tag="852" ind1=" " ind2=" ">
            <marc:subfield code="a">Industriedenkmal Königshütte Bad Lauterberg im Harz</marc:subfield>
          </marc:datafield>
          <marc:datafield tag="" ind1=" " ind2=" ">
            <marc:subfield code="a">Namensnennung - Nicht kommerziell - Keine Bearbeitungen 4.0 International (CC BY-NC-ND 4.0)</marc:subfield>
          </marc:datafield>
        </marc:record>
      </metadata>
    </record>
  </GetRecord>
</OAI-PMH>
